000
00327 a2200145 4500
001
157547
020
_a
978-958-30-2784-0
040
_c
Escola São Tomás de Aquino
240
1
0
_a
El león y la araña
_l
spa
245
1
0
_a
El león y la araña
300
_a
36
362
0
_a
2007
697
_a
Literatura latina
942
_c
BK
999
_c
157547
_d
157547